000 00631nam a2200241Ia 4500
003 OSt
005 20220923230726.0
006 a|||||r|||| 00| 0
007 ta
008 Pun
020 _c8
024 _a305,102
037 _cTextual
040 _aARTS
_cARTS
_bPun
041 _2Pun
_aPun
082 _aV243,21wN01, 153K9
100 _aਤਿਵਾੜੀ, ਵਿFਵਾ ਨਾਥ
245 0 _aਸਰਦਾਰ
260 _c1969
650 _aਭਾਰਤੀਯ ਇਤਿਹਾਸ
942 _hV243,21wN01, 153K9
_cTEXL
_2CC
999 _c386905
_d386905